Academy Award for Best Actor - A to Z - Statistics

General Stats
  • This quiz has been taken 1,802 times
  • The average score is 12 of 23
Answer Stats
Letters Actors % Correct
D Leonardo DiCaprio / Daniel Day-Lewis / Jean Dujardin / Michael Douglas / Robert Duvall / Robert De Niro / Richard Dreyfuss / Robert Donat / Robert Downey Jr. / Melvyn Douglas / James Dunn
92%
P Joaquin Phoenix / Sean Penn / Al Pacino / Sidney Poitier / Gregory Peck / Brad Pitt / Christopher Plummer / Jack Palance / Joe Pesci
85%
H Anthony Hopkins / Tom Hanks / Dustin Hoffman / William Hurt / Philip Seymour Hoffman / Gene Hackman / Rex Harrison / Charlton Heston / William Holden / Timothy Hutton / John Houseman / Walter Huston / Van Heflin
82%
B Jeff Bridges / Adrien Brody / Roberto Benigni / Marlon Brando / Yul Brynner / Ernest Borgnine / Humphrey Bogart / Wallace Beery / Lionel Barrymore / Warner Baxter / Christian Bale / Javier Bardem / Jim Broadbent / Martin Balsam / Ed Begley / Walter Brennan / George Burns
81%
S Will Smith / Kevin Spacey / George C. Scott / Rod Steiger / Paul Scofield / Maximilian Schell / James Stewart / J. K. Simmons / Frank Sinatra / George Sanders / Joseph Schildkraut
75%
W Forest Whitaker / Denzel Washington / John Wayne / Christoph Waltz / Robin Williams / Christopher Walken
74%
C Russell Crowe / Nicolas Cage / Art Carney / Gary Cooper / Broderick Crawford / Ronald Colman / Bing Crosby / James Cagney / George Clooney / Michael Caine / James Coburn / Sean Connery / George Chakiris / Charles Coburn / Donald Crisp / Chris Cooper
67%
F Brendan Fraser / Colin Firth / Jamie Foxx / Henry Fonda / Peter Finch / José Ferrer / Morgan Freeman / Barry Fitzgerald
61%
J Emil Jannings / Tommy Lee Jones / Ben Johnson / Dean Jagger
60%
N Jack Nicholson / Paul Newman / David Niven / Haing S. Ngor
60%
A Casey Affleck / F. Murray Abraham / George Arliss / Mahershala Ali / Alan Arkin / Don Ameche / Jack Albertson
52%
M Cillian Murphy / Rami Malek / Matthew McConaughey / Lee Marvin / Fredric March / Ray Milland / Paul Muni / Victor McLaglen / John Mills / Walter Matthau / Karl Malden / Thomas Mitchell
51%
R Eddie Redmayne / Geoffrey Rush / Cliff Robertson / Sam Rockwell / Mark Rylance / Tim Robbins / Jason Robards / Red Buttons / Harold Russell
41%
L Jack Lemmon / Burt Lancaster / Paul Lukas / Charles Laughton / Jared Leto / Heath Ledger / Martin Landau
41%
G Alec Guinness / Clark Gable / Cuba Gooding Jr. / Louis Gossett Jr. / John Gielgud / Joel Grey / Hugh Griffith / Edmund Gwenn
39%
Q Ke Huy Quan / Anthony Quinn
38%
O Gary Oldman / Laurence Olivier / Edmond O'Brien
37%
K Ben Kingsley / Troy Kotsur / Daniel Kaluuya / Kevin Kline / George Kennedy
32%
Y Gig Young
26%
T Spencer Tracy / Benicio del Toro
18%
U Peter Ustinov
15%
I Jeremy Irons / Burl Ives
14%
V Jon Voight
10%
No matching quizzes found
Score Distribution
Percent of People with Each Score
Percentile by Number Answered
Your Score History
You have not taken this quiz